000 00551nam a2200217Ia 4500
003 OSt
005 20220928141507.0
006 a|||||r|||| 00| 0
007 ta
008 220927b |||||||| |||| 00| 0 eng d
024 _a15550
037 _cTextual
040 _aSDCL
_cSDCL
_beng
041 _2eng
_aeng
082 _aO122,6N15w, N8
100 _aStafford Andy
_9500588
245 0 _aRonald Barthes,Phenomenon and myth.
260 _c1998
942 _hO122,6N15w, N8
_cTEXL
_2CC
999 _c817947
_d817947